[Event "BCF-chT4a 0405 (4NCL)"]
[Site "Telford"]
[Date "2005.01.16"]
[Round "4.4"]
[White "Dines, Sheila"]
[Black "Yu, Yangshi"]
[Result "0-1"]
[WhiteElo "1760"]
[BlackElo "1945"]
[PlyCount "94"]
[EventDate "2004.11.06"]
[EventType "team"]
[EventRounds "11"]
[EventCountry "ENG"]
[SourceTitle "EXT 2006"]
[Source "ChessBase"]
[SourceDate "2005.11.24"]
[SourceVersion "1"]
[SourceVersionDate "2005.11.24"]
[SourceQuality "1"]
[WhiteTeam "Hilsmark Kingfisher III"]
[BlackTeam "Cheddleton"]
[WhiteTeamCountry "ENG"]
[BlackTeamCountry "ENG"]

1. e4 c5 2. Nf3 Nc6 3. d4 cxd4 4. Nxd4 g6 5. c3 Bg7 6. Be3 Nf6 7. Nd2 0-0 8. Bd3 d5 9. f3 e5 10. N4b3 b6 11. 0-0 Ne7 12. Qe2 h6 13. Rfd1 Qc7 14. Nf1 Bb7 15. Ng3 Rad8 16. Bf2 Kh7 17. a4 dxe4 18. fxe4 Bc8 19. h3 Be6 20. Qc2 a5 21. Nd2 Nd7 22. b4 Rb8 23. Nf3 Rfc8 24. Rac1 f6 25. Ba6 Rd8 26. Rd2 h5 27. Rcd1 axb4 28. Rd6 Nc5 29. Rxd8 Rxd8 30. Rxd8 Qxd8 31. Bxc5 b3 32. Qb1 bxc5 33. c4 Qa5 34. Bb5 Qc3 35. Ne2 Qe3+ 36. Kf1 f5 37. a5 Bh6 38. exf5 Bxf5 39. Qd1 b2 40. Qd8 b1Q+ 41. Ne1 Qbe4 42. Qxe7+ Bg7 43. Nf3 Qxe2+ 44. Kg1 Qd1+ 45. Kh2 Qf4+ 46. g3 Qfxf3 47. Qxc5 Qdh1# 0-1

[Event "BCF-chT4a 0405 (4NCL)"]
[Site "Telford"]
[Date "2004.11.06"]
[Round "1.5"]
[White "McCarthy, J Nimai"]
[Black "Yu, Yangshi"]
[Result "1-0"]
[WhiteElo "1995"]
[BlackElo "1945"]
[PlyCount "51"]
[EventDate "2004.11.06"]
[EventType "team"]
[EventRounds "11"]
[EventCountry "ENG"]
[SourceTitle "EXT 2006"]
[Source "ChessBase"]
[SourceDate "2005.11.24"]
[SourceVersion "1"]
[SourceVersionDate "2005.11.24"]
[SourceQuality "1"]
[WhiteTeam "Slough Sharks IV"]
[BlackTeam "Cheddleton"]
[WhiteTeamCountry "ENG"]
[BlackTeamCountry "ENG"]

1. d4 d5 2. Nf3 Nf6 3. e3 e6 4. Bd3 Bd6 5. b3 Nbd7 6. Bb2 c5 7. 0-0 Qc7 8. c4 b6 9. Nc3 a6 10. Rc1 Bb7 11. Qe2 0-0 12. h3 Qd8 13. e4 dxe4 14. Nxe4 Be7 15. Ng3 cxd4 16. Nxd4 Bc5 17. Rcd1 Qc7 18. Nh5 Rad8 19. Rfe1 h6 20. Nxe6 fxe6 21. Qxe6+ Kh8 22. Qf5 Bxf2+ 23. Kh1 Bxe1 24. Qg6 Ne5 25. Bxe5 Qxe5 26. Qxg7# 1-0

[Event "BCF-chT4 0304 (4NCL)"]
[Site "West Bromwich "]
[Date "2004.06.19"]
[Round "10.4"]
[White "Yu, Yangshi"]
[Black "Pready, Alex"]
[Result "1-0"]
[WhiteElo "1688"]
[BlackElo "1664"]
[PlyCount "107"]
[EventDate "2003.10.??"]
[EventType "team"]
[EventRounds "11"]
[EventCountry "ENG"]
[SourceTitle "EXT 2005"]
[Source "ChessBase"]
[SourceDate "2004.11.15"]
[SourceVersion "1"]
[SourceVersionDate "2004.11.15"]
[SourceQuality "1"]
[WhiteTeam "Cheddleton"]
[BlackTeam "The ADS III"]
[WhiteTeamCountry "ENG"]
[BlackTeamCountry "ENG"]

1. e4 c5 2. Nc3 Nc6 3. f4 d6 4. Bb5 Bd7 5. Bxc6 Bxc6 6. Nf3 g6 7. 0-0 Bg7 8. Qe1 Qc7 9. a4 e6 10. Nb5 Qd8 11. c3 a6 12. Na3 Bxa4 13. Qg3 Nf6 14. d3 Nh5 15. Qh3 Bd7 16. g4 Nf6 17. Nc4 Bc6 18. e5 Nd7 19. Nxd6+ Kf8 20. Ng5 Qe7 21. Ngxf7 h5 22. Nxh8 Bxh8 23. gxh5 gxh5 24. f5 Qg7+ 25. Kf2 Nxe5 26. fxe6 Kg8 27. Ke2 Bg2 28. Qg3 Bxf1+ 29. Kxf1 Rf8+ 30. Ke2 Ng4 31. Be3 Kh7 32. h3 Nf6 33. Qxg7+ Bxg7 34. Nxb7 Nd5 35. Nxc5 Re8 36. Rxa6 Nc7 37. Rc6 Be5 38. d4 Bh2 39. b4 Nd5 40. Kd3 Kg6 41. b5 Kf5 42. b6 Rg8 43. Ne4 Ne7 44. Rc5+ Kxe6 45. Rxh5 Rb8 46. c4 Ra8 47. Rh6+ Kf7 48. Rh7+ Ke6 49. Nc5+ Kf6 50. b7 Ra3+ 51. Ke4 Nf5 52. Bf4 Nd6+ 53. Bxd6 Bxd6 54. Rh6+ 1-0